000 00642nam a2200241Ia 4500
005 20250425162353.0
008 250425s9999 xx 000 0 und d
020 _a0131885561
041 _aeng
082 _a624.1821
100 _aSALMON, CHARLES G.
245 0 _aSTEEL STRUCTURES DESIGN AND BEHAVIOR: EMPHASIZING LOAD AND RESISTANCE FACTOR DESIGN
250 _a5TH ED.
260 _aEstados Unidos
_bPEARSON EDUCATION
_c2009
260 _aS.L.
300 _a866
650 _aACERO ESTRUCTURAL
650 _aDISEÑO ESTRUCTURAL
650 _aESTRUCTURAS METALICAS
650 _aSOLDADURA
942 _c01
010 _a66579
999 _c227861
_d227861